Attack of the bandit cats / (Record no. 4216)

MARC details
000 -LEADER
fixed length control field 01537cam a2200385 a 4500
001 - CONTROL NUMBER
control field 4216
003 - CONTROL NUMBER IDENTIFIER
control field FISKH
005 - DATE AND TIME OF LATEST TRANSACTION
control field 20240705083410.0
008 - FIXED-LENGTH DATA ELEMENTS--GENERAL INFORMATION
fixed length control field 050105s2004 nyuab b 000 1 eng d
010 ## - LIBRARY OF CONGRESS CONTROL NUMBER
LC control number 2005295167
020 ## - INTERNATIONAL STANDARD BOOK NUMBER
International Standard Book Number 0439559707 (pbk.)
020 ## - INTERNATIONAL STANDARD BOOK NUMBER
International Standard Book Number 9780439559706
035 ## - SYSTEM CONTROL NUMBER
System control number (OCoLC)ocm55480535
040 ## - CATALOGING SOURCE
Original cataloging agency OCO
Transcribing agency OCO
Modifying agency XY4
-- DLC
Language of cataloging eng
050 ## - LIBRARY OF CONGRESS CALL NUMBER
Classification number PZ7.A86639
082 ## - DEWEY DECIMAL CLASSIFICATION NUMBER
Classification number 853.92
100 ## - MAIN ENTRY--PERSONAL NAME
Personal name Stilton, Geronimo
245 10 - TITLE STATEMENT
Title Attack of the bandit cats /
Statement of responsibility, etc. Geronimo Stilton
250 ## - EDITION STATEMENT
Edition statement First printing, June 2004
260 ## - PUBLICATION, DISTRIBUTION, ETC.
Place of publication, distribution, etc. New York :
Name of publisher, distributor, etc. Scholastic,
Date of publication, distribution, etc. 2000
300 ## - PHYSICAL DESCRIPTION
Extent 114 pages :
Other physical details maps ; color illustrations ;
Dimensions 20 cm
505 ## - FORMATTED CONTENTS NOTE
Formatted contents note M<br/>
520 ## - SUMMARY, ETC.
Summary, etc. Oh, what a day! I had just published New Mouse City's first phone book -- and almost every single number was wrong! My customers were out for my fur. So when Thea, Trap, and Benjamin asked me to join their quest for a legendary island covered in silver, I agreed. But no sooner had we set out than we were attacked by a ship of pirate cats! They mousenapped us and threatened to make us their dinner. Would we escape with our lives ... or find ourselves in the soup?
521 ## - TARGET AUDIENCE NOTE
Target audience note 570<br/>
Source Lexile<br/>
521 ## - TARGET AUDIENCE NOTE
Target audience note M<br/>
Source Raz-Plus<br/>
650 #1 - SUBJECT ADDED ENTRY--TOPICAL TERM
Topical term or geographic name entry element Mice
Form subdivision Fiction.
650 #1 - SUBJECT ADDED ENTRY--TOPICAL TERM
Topical term or geographic name entry element Cats
Form subdivision Fiction.
650 #1 - SUBJECT ADDED ENTRY--TOPICAL TERM
Topical term or geographic name entry element Pirates
Form subdivision Fiction.
650 #1 - SUBJECT ADDED ENTRY--TOPICAL TERM
Topical term or geographic name entry element Journalists
Form subdivision Fiction.
650 #1 - SUBJECT ADDED ENTRY--TOPICAL TERM
Topical term or geographic name entry element Adventure and adventurers
Form subdivision Fiction.
650 #1 - SUBJECT ADDED ENTRY--TOPICAL TERM
Topical term or geographic name entry element Humorous stories.
906 ## - LOCAL DATA ELEMENT F, LDF (RLIN)
a 7
b cbc
c copycat
d 2
e ncip
f 20
g y-gencatlg
942 ## - ADDED ENTRY ELEMENTS (KOHA)
Source of classification or shelving scheme Dewey Decimal Classification
Koha item type Books
Suppress in OPAC No
Holdings
Withdrawn status Lost status Source of classification or shelving scheme Damaged status Not for loan Collection Home library Current library Shelving location Date acquired Total Checkouts Full call number Barcode Date last seen Copy number Price effective from Koha item type Date last checked out
    Dewey Decimal Classification     Juvenile Fiction Footprints International School Library Network Toul Kork Campus Footprints International School Library Network Toul Kork Campus TK Primary Library Room(4th Floor), Bookcase 3&4, Shelves 17-32, Yellow Books 07/05/2024   STI 853.92 PZ7.A86639 FISTKG3B036 07/05/2024 1 07/05/2024 Books  
    Dewey Decimal Classification     Juvenile Fiction Footprints International School Library Network Toul Kork Campus Footprints International School Library Network Toul Kork Campus TK Primary Library Room(4th Floor), Bookcase 3&4, Shelves 17-32, Yellow Books 08/28/2025 1 STI 853.92 PZ7.A86639 FISTK05263 04/03/2026 2 08/28/2025 Books 03/20/2026